| 000 | 01794nam a2200385Ia 4500 | ||
|---|---|---|---|
| 001 | dia_4923 | ||
| 003 | CHAP | ||
| 005 | 20240815184221.0 | ||
| 007 | ta | ||
| 008 | 220117s2010 mx ade f 001 0 spa d | ||
| 040 |
_cCHAP _amxchpua |
||
| 090 |
_aT.C.536 _bG37 EIUPA _c2010 |
||
| 245 | 1 | 0 |
_aEmpresa LDM, S. A. de C.V. ubicada en el municipio de Lagos de Moreno, Jalisco / _ccoordinadores Luis Ramiro García Chávez y Horacio Vinicio Santoyo ; colaboradores Dulce Arely Acosta Hernández...[y otros] |
| 260 |
_aMéxico : _bEl autor, _c2010 |
||
| 300 |
_a39 hojas : _bilustraciones, tablas, gráficas, planos |
||
| 336 |
_2rdacontent _atexto _btxt |
||
| 337 |
_2rdamedia _ano mediado _bn |
||
| 338 |
_2rdacarrier _avolumen _bnc |
||
| 500 | _aGrado: 7° año Grupo: 03 | ||
| 502 |
_aViaje de estudio _b(EIUPA) -- _cUACh. Departamento de Ingeniería Agroindustrial, _d2010 |
||
| 505 | 0 | 0 | _aContiene 5 planos : -- 1.Diagrama de tubería e instrumentación (Secador grande) -- 2.Distribución de áreas -- 3.Diagrama de tubería e instrumentación (Área de condensación) -- 4.Diagrama de tubería e instrumentación (Evaporadores) -- 5.Diagrama de tubería e instrumentación (Área de filtración) |
| 650 | 1 | 0 |
_aIndustria lechera _zMéxico _zJalisco _9152796 |
| 650 | 1 | 3 |
_aProductos lácteos _992124 |
| 650 | 1 | 3 |
_aDairy products _9147672 |
| 650 | 1 | 0 |
_aDairy industry _zMexico _zJalisco _9152795 |
| 700 | 1 |
_aGarcía Chávez, Luis Ramiro _ecoordinador _945860 |
|
| 700 | 1 |
_aSantoyo Cortés, Vinicio Horacio _9147239 _ecoordinador |
|
| 700 | 1 |
_aAcosta Hernández, Dulce Arely _9125759 _ecolaboradora |
|
| 901 | _aT.C.536 G37 EIUPA 2010 | ||
| 902 | _aM | ||
| 905 | _a5232272010 mx men 8223223322spa16 | ||
| 942 | _2local | ||
| 942 | _cVE | ||
| 999 |
_c175722 _d175722 |
||